Cam Newton Trivia - Statistics

General Stats
  • This quiz has been taken 377 times
  • The average score is 5 of 7
Answer Stats
Hint Answer % Correct
What team does he play for? Carolina
94%
Where did cam go to college? Auburn
91%
What number draft pick was he? 1
88%
What legendary trophy did he win in 2010 while at Auburn? Heisman
78%
Where did he originally play college football at? Florida
66%
What Accomplishment did he receive at the end of 2012? Rookie of the year
65%
Where was Cam Born? Georgia
59%
No matching quizzes found
Score Distribution
Percent of People with Each Score
Percentile by Number Answered
Your Score History
You have not taken this quiz